[Event "Olimpiade 2022 - Open"]
[Site "Chennai"]
[Date "03.08.2022"]
[Round "6.49"]
[Board "1"]
[White "Oatlhotse, Providence"]
[Black "Lim, Zhuo Ren"]
[Result "1/2-1/2"]
[WhiteTitle "IM"]
[BlackTitle "FM"]
[WhiteElo "2204"]
[BlackElo "2318"]
[WhiteTeam "Botswana"]
[BlackTeam "Malaysia"]
[WhiteFideId "11300507"]
[BlackFideId "5702488"]
[EventDate "2022.07.29"]

1. Nf3 c5 2. c4 Nc6 3. d4 cxd4 4. Nxd4 g6 5. g3 Bg7 6. Nc2 d6 7. Bg2 Be6 8. Ne3
Rc8 9. O-O h5 10. Nc3 Bxc3 11. bxc3 h4 12. c5 dxc5 13. Qa4 Nf6 14. Rb1 Qc7 15.
c4 Bd7 16. Bb2 Nd4 17. Qd1 hxg3 18. hxg3 Qe5 19. Re1 Bc6 20. Nd5 Nxd5 21. cxd5
Bxd5 22. Bxd4 cxd4 23. Rb5 e6 24. e4 dxe3 25. Rxd5 exf2+ 26. Kxf2 Qb2+ 27. Rd2
Qb6+ 28. Kf1 Rc5 29. Qa4+ Kf8 30. Qd4 Rf5+ 31. Kg1 Qxd4+ 32. Rxd4 Ra5 33. Re2 b6
34. Rd7 Rhh5 35. g4 Rh7 36. Rc2 Ra4 37. Rc8+ Kg7 38. Rcc7 Kf6 39. Rxa7 Rxg4 40.
Rd3 Rh5 41. Rdd7 Rh7 42. Rd3 Rh5 43. Rb3 Ra5 44. Rf3+ Rf5 45. Kf2 Rb4 46. Rxf5+
gxf5 47. Bc6 Rb2+ 48. Ke1 Ke5 49. a4 f6 50. Rb7 Kd6 51. Bb5 Kc5 52. Rc7+ Kd4 53.
Rc4+ Ke3 54. Rc3+ Kd4 55. Rc4+ Ke3 56. Rc3+ Kd4 57. Rc6 e5 58. Rxb6 f4 59. Rxf6
e4 60. Kd1 f3 61. Kc1 Ra2 62. Kb1 Rf2 63. Bc6 e3 64. Rf4+ Kc5 65. Bxf3 e2 66.
Bxe2 Rxf4 67. Bb5 Rf2 68. Kc1 Kd4 69. Kd1 Ra2 70. Ke1 Ke3 71. Kd1 Kd4 72. Ke1
Kc3 73. Kd1 Rd2+ 74. Ke1 Rd4 75. Ke2 Kb4 76. Ke3 Rd5 77. Ke4 Rxb5 78. axb5 Kxb5 1/2-1/2

[Event "Olimpiade 2022 - Open"]
[Site "Chennai"]
[Date "03.08.2022"]
[Round "6.49"]
[Board "2"]
[White "Wong, Yinn Long"]
[Black "Rongwane, Gomolemo"]
[Result "1-0"]
[WhiteTitle "FM"]
[WhiteElo "2381"]
[BlackElo "2033"]
[WhiteTeam "Malaysia"]
[BlackTeam "Botswana"]
[WhiteFideId "5707684"]
[BlackFideId "11301120"]
[EventDate "2022.07.29"]

1. e4 e5 2. Nf3 Nc6 3. Nc3 Nf6 4. a3 d6 5. d4 Be7 6. Bb5 Bd7 7. d5 Nb8 8. Be2
Bg4 9. h3 Bh5 10. Be3 O-O 11. g4 Bg6 12. Nd2 Nfd7 13. Nf1 c6 14. Qd2 Nb6 15. Ng3
N8d7 16. O-O-O Rc8 17. b3 cxd5 18. exd5 Qc7 19. Kb2 Bh4 20. Rc1 Bxg3 21. fxg3
Nc5 22. Rhf1 a6 23. h4 Ne4 24. Nxe4 Bxe4 25. c4 Nd7 26. h5 a5 27. h6 Nc5 28.
hxg7 Rfe8 29. b4 axb4 30. axb4 Nd7 31. c5 Bg6 32. c6 bxc6 33. Rxc6 Qb8 34. Rfc1
Nf6 35. Ba6 Rxc6 36. dxc6 Qc7 37. b5 Rb8 38. Bb7 Ne4 39. b6 Rxb7 40. cxb7 Qxb7
41. Qa5 Nf6 42. Qa7 Qg2+ 43. Ka1 Kxg7 44. b7 Nd7 45. b8=Q Nxb8 46. Qxb8 Qxg3 47.
Qb6 Qxg4 48. Qxd6 Qa4+ 49. Kb2 Qb5+ 50. Kc3 Qa5+ 51. Qb4 Qd5 52. Kb2 Qg2+ 53.
Bd2 h5 54. Rc8 Kh7 55. Rd8 Qf1 56. Qc5 Qb1+ 57. Ka3 Qa1+ 58. Kb4 Qb1+ 59. Ka5
Qa2+ 60. Kb6 Qb3+ 61. Bb4 Be4 62. Kc7 Qa4 63. Kd6 Qa6+ 64. Kd7 Qe6+ 65. Kc7 Qa6
66. Qb6 Qc4+ 67. Kb8 Qa2 68. Ba5 Qb1 69. Qxb1 Bxb1 70. Be1 Kg6 71. Kc7 Ba2 72.
Kd6 f6 73. Bh4 Bf7 74. Ke7 f5 75. Rd6+ 1-0

[Event "Olimpiade 2022 - Open"]
[Site "Chennai"]
[Date "03.08.2022"]
[Round "6.49"]
[Board "3"]
[White "Oratile, Kgotlane"]
[Black "Tan, Jun Ying"]
[Result "1/2-1/2"]
[BlackTitle "CM"]
[WhiteElo "2024"]
[BlackElo "2191"]
[WhiteTeam "Botswana"]
[BlackTeam "Malaysia"]
[WhiteFideId "11306351"]
[BlackFideId "5710413"]
[EventDate "2022.07.29"]

1. e4 c5 2. Nf3 Nc6 3. d3 g6 4. g3 Bg7 5. Bg2 d6 6. O-O e5 7. Nc3 Nge7 8. Nd2
O-O 9. Nc4 Be6 10. Nd5 Qd7 11. a4 Bg4 12. f3 Be6 13. f4 Bg4 14. Bf3 Bh3 15. Bg2
Bxg2 16. Kxg2 Nxd5 17. exd5 Nb4 18. fxe5 dxe5 19. d6 Qc6+ 20. Kg1 e4 21. Be3 b6
22. Rc1 Qxa4 23. dxe4 Na2 24. b3 Qc6 25. Ra1 Nc3 26. Qf3 Nxe4 27. Nd2 f5 28. Ra4
Qxd6 29. Nxe4 fxe4 30. Qxe4 Rxf1+ 31. Kxf1 Rf8+ 32. Kg2 Qd1 33. Qc4+ Kh8 34. Qd3
Qf3+ 35. Kg1 a5 36. Rf4 Rxf4 37. gxf4 h6 38. Qd8+ Kh7 39. Bf2 Qg4+ 40. Kf1 Qe6
41. Qd3 Qc6 42. f5 gxf5 43. Qxf5+ Qg6 44. Qxg6+ Kxg6 45. Ke2 Be5 46. h3 b5 47.
Bxc5 a4 48. bxa4 bxa4 49. Ba3 Kg5 50. Kf3 1/2-1/2

[Event "Olimpiade 2022 - Open"]
[Site "Chennai"]
[Date "03.08.2022"]
[Round "6.50"]
[Board "1"]
[White "Mannhart, Marcel"]
[Black "Giron, Jorge Ernesto"]
[Result "1/2-1/2"]
[WhiteTitle "FM"]
[BlackTitle "IM"]
[WhiteElo "2110"]
[BlackElo "2288"]
[WhiteTeam "Liechtenstein"]
[BlackTeam "El Salvador"]
[WhiteFideId "12000108"]
[BlackFideId "6702309"]
[EventDate "2022.07.29"]

1. Nc3 c5 2. e4 e6 3. Nf3 a6 4. Be2 b5 5. O-O Bb7 6. d3 Be7 7. h3 d5 8. exd5
exd5 9. d4 c4 10. Bf4 Nf6 11. a3 O-O 12. Ne5 Nbd7 13. Bf3 Ne4 14. Bxe4 dxe4 15.
Qd2 Nf6 16. Qe3 Nd5 17. Qd2 Nxf4 18. Qxf4 Bg5 19. Qf5 g6 20. Qd7 Rb8 21. Rad1
Bf4 22. Qxd8 Rbxd8 23. Ng4 f5 24. Nh2 Rfe8 25. Rfe1 Kf7 26. g3 Bh6 27. Nf1 Rd7
28. Ne2 e3 29. f4 Bg7 30. c3 Bf3 31. Nh2 Be4 32. Rf1 Bd3 33. Rde1 a5 34. Nf3 b4
35. Ne5+ Bxe5 36. fxe5 bxa3 37. bxa3 Rb8 38. Rf3 Bxe2 39. Rxe2 Ke6 40. Rfxe3 a4
41. Kf2 Rb3 42. Ra2 Rd8 43. Kf3 Rd5 44. g4 Rdb5 45. gxf5+ gxf5 46. Rd2 Rd5 47.
Ra2 Rb1 48. Kf4 Rdb5 49. Rd2 Rf1+ 50. Rf3 Ra1 51. Rg2 Rxa3 52. Rg7 Rbb3 53. Rxh7
Rxc3 54. Rh6+ Kd7 55. Rxc3 Rxc3 56. d5 Rd3 57. Rh7+ Kd8 58. d6 c3 59. Kxf5 a3
60. Ke6 Kc8 61. Ra7 Kb8 62. Rxa3 c2 63. Rxd3 c1=Q 64. d7 Qh6+ 65. Kd5 Kc7 66. e6
Qg5+ 67. Kc4 Kd8 68. Kc3 Qe5+ 69. Kc2 Qxe6 70. Kc3 Qe2 71. Rd2 Qe5+ 72. Kc2 Qc5+
73. Kb2 Qe3 74. Kc2 Qxh3 75. Rd3 Qf1 76. Rd2 Qa1 77. Rd3 Qa2+ 78. Kc3 Qb1 79.
Kd2 Qb2+ 80. Ke1 Qc1+ 81. Ke2 Qf4 82. Ke1 Qh2 83. Kd1 Qf2 84. Kc1 Qe2 85. Rd2
Qe4 86. Kb2 Qc4 87. Rd1 Qb4+ 88. Kc2 Qa4+ 89. Kc1 Qc6+ 90. Kb2 Qb5+ 91. Kc3 Qa4
92. Rd3 Qa2 93. Rd1 Qa3+ 94. Kc2 Qa4+ 95. Kc1 Qa2 96. Rd3 Qc4+ 97. Kd2 Qc5 98.
Ke2 Qc1 99. Kf2 Qc2+ 100. Ke3 Qg2 101. Rd2 Qf1 102. Rd3 Qe1+ 103. Kf3 Qe7 104.
Kf2 Qe5 105. Rd2 Qe4 106. Rd1 Qf4+ 107. Ke2 Qh2+ 108. Ke3 Qg3+ 109. Ke2 Qg4+
110. Ke1 Qg2 111. Rd3 Qg1+ 112. Ke2 Qc1 113. Rd2 Qc6 114. Rd3 Qg2+ 115. Ke1 Qc2
116. Rd2 Qf5 117. Ke2 Qh3 118. Kf2 Qe6 119. Rd3 Qe5 120. Rd2 Qe4 121. Rd1 Qh4+
122. Ke2 Qg4+ 123. Ke1 Qf3 124. Rd2 Qh5 1/2-1/2

[Event "Olimpiade 2022 - Open"]
[Site "Chennai"]
[Date "03.08.2022"]
[Round "6.50"]
[Board "2"]
[White "Chavez, Ricardo Ernesto"]
[Black "Schadler, Martin"]
[Result "1-0"]
[WhiteTitle "FM"]
[WhiteElo "2179"]
[BlackElo "1939"]
[WhiteTeam "El Salvador"]
[BlackTeam "Liechtenstein"]
[WhiteFideId "6700098"]
[BlackFideId "12000019"]
[EventDate "2022.07.29"]

1. e4 d5 2. exd5 Nf6 3. Bb5+ Bd7 4. Be2 Nxd5 5. d4 Bf5 6. Nf3 e6 7. O-O Be7 8.
a3 O-O 9. c4 Nf6 10. Nc3 c6 11. h3 Nbd7 12. Bf4 Ne4 13. c5 Ndf6 14. Qb3 b5 15.
Ne5 Nxc3 16. bxc3 Be4 17. Rfd1 Qc8 18. a4 Bd5 19. Qb2 bxa4 20. c4 Be4 21. Rxa4
Bd8 22. Rda1 a5 23. Bd2 Rb8 24. Qc1 Nd7 25. Bxa5 Nxe5 26. dxe5 Bxa5 27. Rxa5 Qc7
28. Qe3 Bc2 29. Qc3 Bg6 30. Bf3 Rfc8 31. Ra6 Qe7 32. Qe3 Qb7 33. Rb6 Qd7 34.
Bxc6 Qd3 35. Qxd3 Bxd3 36. Bd7 Ra8 37. Rxa8 Rxa8 38. c6 1-0

[Event "Olimpiade 2022 - Open"]
[Site "Chennai"]
[Date "03.08.2022"]
[Round "6.50"]
[Board "4"]
[White "Arias, Lemnys A."]
[Black "Frick, Renato"]
[Result "1-0"]
[WhiteTitle "IM"]
[WhiteElo "2258"]
[BlackElo "1900"]
[WhiteTeam "El Salvador"]
[BlackTeam "Liechtenstein"]
[WhiteFideId "6700284"]
[BlackFideId "12000027"]
[EventDate "2022.07.29"]

1. d4 Nf6 2. c4 e6 3. Nf3 Bb4+ 4. Bd2 a5 5. Qc2 O-O 6. g3 b6 7. Bg2 Bb7 8. Nc3
c5 9. dxc5 Bxc5 10. O-O Nc6 11. Rad1 Qe7 12. Bg5 Rfd8 13. Qc1 Qf8 14. Na4 d6 15.
Nxc5 bxc5 16. Rfe1 Ne7 17. Bxf6 gxf6 18. Nd2 Bxg2 19. Kxg2 f5 20. Nb1 Qg7 21.
Nc3 Ng6 22. Kh1 Ne5 23. Nb5 Ra6 24. f3 f6 25. Kg2 Qe7 26. a4 d5 27. cxd5 exd5
28. b3 Nc6 29. Qc2 Nb4 30. Qxf5 Re6 31. e4 Re5 32. Qg4+ Kh8 33. Re2 d4 34. Qf4
d3 35. Red2 f5 36. Nc3 fxe4 37. fxe4 Rf8 38. Qe3 Nd5 39. Nxd5 Rxd5 40. Rxd3 Re5
41. Rd7 Qf6 42. R7d2 Rfe8 43. Qf3 Qxf3+ 44. Kxf3 Rxe4 45. Rd8 Re3+ 46. Kf2 Re2+
47. Kf1 Re1+ 48. Rxe1 Rxd8 49. Re5 Rc8 50. h4 Kg7 51. Kf2 Kf6 52. Rh5 Rc7 53.
Kf3 Kg6 54. Rg5+ Kf6 55. Ke3 h6 56. Rh5 Kg6 57. Rd5 h5 58. Rg5+ Kh6 59. Kd3 Rb7
60. Ke4 1-0

[Event "Olimpiade 2022 - Open"]
[Site "Chennai"]
[Date "03.08.2022"]
[Round "6.51"]
[Board "1"]
[White "Harper, Ryan"]
[Black "Yang, ching Wei, Austin"]
[Result "0-1"]
[WhiteTitle "FM"]
[BlackTitle "FM"]
[WhiteElo "2208"]
[BlackElo "2172"]
[WhiteTeam "Trinidad & Tobago"]
[BlackTeam "Chinese Taipei"]
[WhiteFideId "7700156"]
[BlackFideId "16300440"]
[EventDate "2022.07.29"]

1. e4 c5 2. Nf3 d6 3. d4 cxd4 4. Nxd4 Nf6 5. Nc3 Nc6 6. Bg5 e6 7. Qd2 a6 8.
O-O-O Bd7 9. f3 Nxd4 10. Qxd4 Be7 11. h4 h5 12. Kb1 Rc8 13. f4 Qc7 14. Rd2 e5
15. Qd3 Bc6 16. f5 Nd7 17. Bxe7 Kxe7 18. Qe3 b5 19. a3 Nf6 20. Be2 Rhd8 21. Qg5
Kf8 22. Bf3 a5 23. Nd5 Bxd5 24. exd5 b4 25. a4 b3 26. cxb3 Qb6 27. Bxh5 Ne4 28.
f6 Nxg5 29. hxg5 Qe3 30. Be2 Kg8 31. Rd3 Qxg5 32. Rdh3 gxf6 33. Rh8+ Kg7 34.
R1h7+ Kg6 0-1

[Event "Olimpiade 2022 - Open"]
[Site "Chennai"]
[Date "03.08.2022"]
[Round "6.51"]
[Board "2"]
[White "Liu, Yeh Yang"]
[Black "Johnson, Joshua"]
[Result "0-1"]
[BlackTitle "FM"]
[WhiteElo "1994"]
[BlackElo "2178"]
[WhiteTeam "Chinese Taipei"]
[BlackTeam "Trinidad & Tobago"]
[WhiteFideId "16300416"]
[BlackFideId "7700768"]
[EventDate "2022.07.29"]

1. e4 e5 2. Nc3 Nf6 3. g3 c6 4. d4 Qa5 5. Bg2 Bb4 6. Ne2 d5 7. O-O Nxe4 8. Nxe4
dxe4 9. c3 Be7 10. Bxe4 Nd7 11. Re1 O-O 12. Bg2 exd4 13. Nxd4 Bf6 14. Bf4 Qb6
15. Nb3 Rd8 16. Qc2 Nf8 17. Be3 Qc7 18. Bf4 Qb6 19. Be3 Qc7 20. Nc5 Ne6 21. Ne4
Be7 22. a4 f5 23. Nd2 f4 24. gxf4 Bd6 25. f5 Nf4 26. Be4 Rf8 27. Nf3 Qf7 28.
Red1 Bc7 29. Bc5 Bxf5 30. Bxf5 Qxf5 31. Qxf5 Rxf5 32. Rd7 Ne6 33. Nd4 Bxh2+ 34.
Kxh2 Rxf2+ 35. Kg1 Nxc5 36. Rxb7 Raf8 37. Rxa7 R2f6 38. Re1 Rg6+ 39. Kh1 Rh6+
40. Kg1 Rg6+ 41. Kh1 Nd3 42. Re6 Rg4 43. Ree7 h5 44. Ne6 Rf1+ 45. Kh2 Rf2+ 46.
Kh1 Rf1+ 47. Kh2 Rf2+ 48. Kh1 Rfg2 49. Rxg7+ Rxg7 50. Rxg7+ Rxg7 51. Nxg7 Kxg7
52. b4 Nb2 53. a5 Nc4 54. Kg2 Kf6 55. a6 Ke5 56. a7 Nb6 57. Kf3 Kd5 58. Kf4 Kc4
59. Ke5 h4 60. Kd6 Nc8+ 0-1

[Event "Olimpiade 2022 - Open"]
[Site "Chennai"]
[Date "03.08.2022"]
[Round "6.51"]
[Board "3"]
[White "Mc Intosh, Isaiah"]
[Black "Hsu, Hsuan-Ming"]
[Result "1/2-1/2"]
[WhiteTitle "FM"]
[WhiteElo "2215"]
[BlackElo "1900"]
[WhiteTeam "Trinidad & Tobago"]
[BlackTeam "Chinese Taipei"]
[WhiteFideId "7703791"]
[BlackFideId "16300823"]
[EventDate "2022.07.29"]

1. d4 Nf6 2. c4 g6 3. Nc3 Bg7 4. e4 d6 5. Be2 O-O 6. Be3 e5 7. d5 Na6 8. g4 Nc5
9. f3 a5 10. h4 h5 11. g5 Ne8 12. Qd2 Bd7 13. Nh3 Qe7 14. Nf2 Kh7 15. O-O-O f5
16. gxf6 Nxf6 17. Nh3 Bxh3 18. Rxh3 Ng8 19. Rg1 Bh6 20. Rhg3 Rf6 21. Nd1 Qg7 22.
Kb1 Bxe3 23. Nxe3 Qh6 24. Rg5 Ne7 25. R1g3 b6 26. Bf1 Raf8 27. Qg2 R8f7 28. Be2
Rf4 29. Qh1 R4f6 30. Kc2 Qf8 31. Nd1 Rf4 32. Nf2 R7f6 1/2-1/2

[Event "Olimpiade 2022 - Open"]
[Site "Chennai"]
[Date "03.08.2022"]
[Round "6.52"]
[Board "1"]
[White "Zaibi, Amir"]
[Black "Attalib, Osama A."]
[Result "1-0"]
[WhiteTitle "GM"]
[WhiteElo "2398"]
[BlackElo "2033"]
[WhiteTeam "Tunisia"]
[BlackTeam "Libya"]
[WhiteFideId "5500796"]
[BlackFideId "9206485"]
[EventDate "2022.07.29"]

1. e4 e5 2. Nf3 Nc6 3. Bb5 a6 4. Ba4 Nf6 5. d3 Bc5 6. Bxc6 dxc6 7. Qe2 Qe7 8.
Nc3 Bg4 9. h3 Bxf3 10. Qxf3 h6 11. Ne2 Nh7 12. Bd2 Nf6 13. O-O-O O-O-O 14. Kb1
Kb8 15. Rhf1 Rd7 16. Ng3 g6 17. Qe2 Bd6 18. f4 exf4 19. Bxf4 Bxf4 20. Rxf4 Qe5
21. Rdf1 Ne8 22. Qg4 Qe6 23. Qxe6 fxe6 24. Rf8 Rdh7 25. e5 Ka7 26. Rxh8 Rxh8 27.
Rf7 Rg8 28. Ne4 Rg7 29. Rf8 Re7 30. c4 b6 31. c5 b5 32. b4 a5 33. a3 axb4 34.
axb4 Kb7 35. Kc2 Ng7 36. g4 Nf5 37. gxf5 exf5 38. Nd6+ cxd6 39. cxd6 1-0

[Event "Olimpiade 2022 - Open"]
[Site "Chennai"]
[Date "03.08.2022"]
[Round "6.52"]
[Board "2"]
[White "Alhassadi, Yousef A."]
[Black "Boudriga, Mohamed Ali"]
[Result "0-1"]
[BlackTitle "IM"]
[WhiteElo "2068"]
[BlackElo "2308"]
[WhiteTeam "Libya"]
[BlackTeam "Tunisia"]
[WhiteFideId "9204725"]
[BlackFideId "5500460"]
[EventDate "2022.07.29"]

1. e4 c5 2. c3 d6 3. d4 Qc7 4. h3 Nf6 5. Bd3 e6 6. Nf3 Nbd7 7. O-O Be7 8. Qe2 a6
9. a4 b6 10. Bf4 e5 11. Bh2 O-O 12. Nbd2 Re8 13. Bc4 Bb7 14. dxe5 Nxe5 15. Bxe5
dxe5 16. Bxf7+ Kxf7 17. Ng5+ Kg8 18. Qc4+ Nd5 19. Ngf3 b5 20. Qa2 c4 21. exd5
Bxd5 22. Rfe1 Bf8 23. Ne4 Qc6 24. Qb1 bxa4 25. Qc2 Rab8 26. Nfg5 Be7 27. Re3 Qg6
28. Nf3 a3 29. bxa3 Bc5 30. Re2 Bf8 31. a4 h6 32. Rd1 Qc6 33. Rde1 Qg6 34. Rd1
Qc6 35. Rde1 Qg6 36. Rd1 Bc6 37. Qa2 Qf7 38. Rde1 Rb3 39. Nfd2 Ra3 40. Qxc4 Qxc4
41. Nxc4 Rxa4 42. Ned2 e4 43. f3 Rc8 44. Ne5 exf3 45. gxf3 Be8 46. Ne4 Bb5 47.
Rd2 Be7 48. Ng6 Ba3 49. h4 Kh7 50. Rg2 Be8 51. Nf4 Bf7 52. Rd1 Rc7 53. Rd8 Be7
54. Ra8 Bxh4 55. Rg4 Be7 56. Nd3 Ra1+ 57. Kg2 Bd5 58. Re8 Bc6 59. Rb8 Ra2+ 60.
Kg3 Bxe4 61. Rxe4 Bd6+ 62. Nf4 g5 63. Ree8 Bxf4+ 64. Kg4 Rg2+ 65. Kh3 Rg3+ 66.
Kh2 Rxf3+ 67. Kg2 Rfxc3 68. Rh8+ Kg6 0-1

[Event "Olimpiade 2022 - Open"]
[Site "Chennai"]
[Date "03.08.2022"]
[Round "6.53"]
[Board "1"]
[White "Berend, Elvira"]
[Black "Ortega Amarelle, Mariano"]
[Result "0-1"]
[WhiteTitle "WGM"]
[BlackTitle "IM"]
[WhiteElo "2333"]
[BlackElo "2463"]
[WhiteTeam "Luxembourg"]
[BlackTeam "Cape Verde"]
[WhiteFideId "4000510"]
[BlackFideId "3504301"]
[EventDate "2022.07.29"]

1. d4 Nf6 2. Nf3 e6 3. Bg5 h6 4. Bh4 d6 5. e3 g5 6. Bg3 Nh5 7. c4 Bg7 8. Nc3 Nd7
9. Nd2 Ndf6 10. Be2 Nxg3 11. hxg3 b6 12. Bf3 d5 13. cxd5 exd5 14. Qa4+ Bd7 15.
Qc2 c6 16. Be2 O-O 17. Bd3 Qc8 18. Nf3 c5 19. Nxg5 cxd4 20. Bh7+ Kh8 21. exd4
Re8+ 22. Kf1 hxg5 23. Bd3+ Kg8 24. Qd2 Bf5 25. Bb5 Ne4 26. Nxe4 Rxe4 27. Qxg5
Rxd4 28. Rh4 Re4 29. g4 Rxg4 30. Rxg4 Bxg4 31. Qxd5 Rb8 32. Qd6 Qd8 33. Qf4 Be6
34. Re1 Rc8 35. a4 Qd4 36. Qg5 Rc2 37. Re2 Rxe2 38. Bxe2 Bc4 0-1

[Event "Olimpiade 2022 - Open"]
[Site "Chennai"]
[Date "03.08.2022"]
[Round "6.53"]
[Board "2"]
[White "Fortes, Aires"]
[Black "Steil-Antoni, Fiona"]
[Result "0-1"]
[BlackTitle "WIM"]
[WhiteElo "1508"]
[BlackElo "2218"]
[WhiteTeam "Cape Verde"]
[BlackTeam "Luxembourg"]
[WhiteFideId "23600993"]
[BlackFideId "4001249"]
[EventDate "2022.07.29"]

1. e4 g6 2. d4 Bg7 3. Nf3 d6 4. Bc4 e6 5. O-O Ne7 6. Bf4 h6 7. h3 O-O 8. Nc3 a6
9. Ne2 b5 10. Bd3 Bb7 11. Ng3 f5 12. Qd2 g5 13. Bxg5 hxg5 14. Nxg5 Qd7 15. Qe2
Bxd4 16. Qh5 Nc8 17. Qg6+ Qg7 18. Qxe6+ Kh8 19. h4 Bf6 20. Nh5 Qe7 21. exf5 Bxg5
22. hxg5 Qxg5 23. Ng3 Ne7 24. Rae1 Nbc6 25. Ne4 Qg8 26. Qh6+ Qh7 27. Qxh7+ Kxh7 0-1

[Event "Olimpiade 2022 - Open"]
[Site "Chennai"]
[Date "03.08.2022"]
[Round "6.53"]
[Board "4"]
[White "Mirulla, David"]
[Black "Schartz, Alain"]
[Result "0-1"]
[WhiteElo "1953"]
[BlackElo "2086"]
[WhiteTeam "Cape Verde"]
[BlackTeam "Luxembourg"]
[WhiteFideId "2830235"]
[BlackFideId "4000765"]
[EventDate "2022.07.29"]

1. e4 c5 2. Nf3 d6 3. d4 cxd4 4. Nxd4 Nf6 5. Nc3 a6 6. h3 e5 7. Nb3 Be6 8. g4
Nc6 9. g5 Nd7 10. Be3 Nb6 11. Qf3 Nc4 12. Bxc4 Bxc4 13. Nd5 Bxd5 14. exd5 Na5
15. Qe4 Nxb3 16. axb3 Be7 17. h4 Qd7 18. h5 f5 19. gxf6 Bxf6 20. Rg1 Rc8 21. Rg3
Qf7 22. O-O-O h6 23. Rg6 Qe7 24. Rdg1 Rf8 25. Qg4 Rd8 26. f4 Qd7 27. Qg2 Qf5 28.
Re1 Kf7 29. fxe5 dxe5 30. Rg3 Qxh5 31. Rh1 Qf5 32. d6 Qd7 33. Bb6 Rc8 34. Bc7
Qc6 35. Qh3 Rfd8 36. Qh5+ Kf8 37. Rc3 Qd5 38. Rf1 Qg2 39. Qf5 Rd7 40. Rcf3 0-1

[Event "Olimpiade 2022 - Open"]
[Site "Chennai"]
[Date "03.08.2022"]
[Round "6.54"]
[Board "1"]
[White "Carpenter, Paul A"]
[Black "Silva, David"]
[Result "0-1"]
[BlackTitle "IM"]
[WhiteElo "1938"]
[BlackElo "2315"]
[WhiteTeam "Jersey"]
[BlackTeam "Angola"]
[WhiteFideId "408930"]
[BlackFideId "10101314"]
[EventDate "2022.07.29"]

1. e4 c5 2. d3 Nc6 3. Nd2 g6 4. c3 Bg7 5. Ngf3 d6 6. h3 Nf6 7. Be2 O-O 8. g4 d5
9. Qc2 e5 10. Nf1 Be6 11. Ng3 Rc8 12. Rg1 Kh8 13. Bg5 b5 14. Qc1 d4 15. Nxe5
Nxe5 16. f4 h6 17. fxe5 hxg5 18. exf6 Qxf6 19. e5 Qxe5 20. Ne4 dxc3 21. bxc3 c4
22. h4 cxd3 23. Bxd3 Bd5 24. Qxg5 Rfe8 0-1

[Event "Olimpiade 2022 - Open"]
[Site "Chennai"]
[Date "03.08.2022"]
[Round "6.55"]
[Board "1"]
[White "Makoto, Rodwell"]
[Black "Blackman, Justin"]
[Result "1/2-1/2"]
[WhiteTitle "IM"]
[BlackTitle "FM"]
[WhiteElo "2346"]
[BlackElo "2195"]
[WhiteTeam "Zimbabwe"]
[BlackTeam "Barbados"]
[WhiteFideId "11000120"]
[BlackFideId "11100516"]
[EventDate "2022.07.29"]

1. Nf3 Nf6 2. c4 e6 3. g3 d5 4. d4 Be7 5. Bg2 O-O 6. O-O dxc4 7. Qc2 a6 8. a4
Bd7 9. Bg5 Bc6 10. Qxc4 Nbd7 11. Rd1 h6 12. Bxf6 Nxf6 13. Nc3 Bd5 14. Qd3 Bxf3
15. Bxf3 c6 16. e3 Qa5 17. h4 Rfd8 18. Qc2 Rd7 19. Ne2 Rad8 20. Nc1 e5 21. Nb3
Qc7 22. Qc3 exd4 23. Rxd4 Rxd4 24. Nxd4 Nd5 25. Bxd5 Rxd5 26. e4 Rd7 27. Nf5 Bf8
28. h5 Qd8 29. Qf3 Rd2 30. Re1 Rxb2 31. e5 Bc5 32. Rf1 Qd2 33. Kg2 Qd5 34. Qxd5
cxd5 35. Kf3 a5 36. Ne3 Rb3 37. Ke2 d4 38. Nc4 b6 39. Ra1 Kf8 40. Nd2 Rb2 41.
Kd3 Ke7 42. Nf3 Rxf2 43. Nxd4 Bxd4 44. Kxd4 Rb2 45. Kd5 f6 46. exf6+ Kxf6 47.
Rf1+ Kg5 48. Rf7 Kxh5 49. Rxg7 Rb4 50. Rb7 Rxa4 51. Rxb6 Rg4 52. Rb3 Rg5+ 53.
Ke4 Kg4 54. Ra3 Kh3 55. Ra1 Kxg3 56. Rh1 Rg4+ 57. Ke3 Rh4 58. Rg1+ Kh2 59. Rg6
h5 60. Rg5 a4 61. Kf2 Rf4+ 62. Ke3 Rb4 63. Rxh5+ Kg2 64. Kd3 Rg4 65. Kc3 Kf3 66.
Kb2 Ke3 67. Ka3 Kd3 68. Rh3+ Kc2 69. Rh2+ Kd3 70. Rh3+ Kc2 71. Rh2+ Kd3 1/2-1/2

[Event "Olimpiade 2022 - Open"]
[Site "Chennai"]
[Date "03.08.2022"]
[Round "6.56"]
[Board "1"]
[White "Mirzaad, Swahabuddin"]
[Black "Nassr, Ali"]
[Result "1/2-1/2"]
[WhiteTitle "FM"]
[BlackTitle "IM"]
[WhiteElo "1999"]
[BlackElo "2263"]
[WhiteTeam "Afghanistan"]
[BlackTeam "Algeria"]
[WhiteFideId "11700785"]
[BlackFideId "7900520"]
[EventDate "2022.07.29"]

1. d4 Nf6 2. Bf4 e6 3. e3 c5 4. c3 d5 5. Nd2 Nc6 6. Ngf3 Bd6 7. Bg3 O-O 8. Bd3
b6 9. O-O Bb7 10. Qe2 Bxg3 11. hxg3 Re8 12. dxc5 bxc5 13. e4 a5 14. Rfd1 h6 15.
Rab1 Qb6 16. b3 Ba6 17. Bxa6 Rxa6 18. Re1 Raa8 19. exd5 exd5 20. Qd3 Rad8 21.
Qf5 Rxe1+ 22. Rxe1 a4 23. Qc2 axb3 24. axb3 Ra8 25. Nh4 Nd8 26. Nf5 Ne6 27. Ne3
g6 28. Qd3 Qb7 29. Qc2 Ra3 30. Rb1 Qa8 31. b4 Ra2 32. Rb2 Ra1+ 33. Nef1 cxb4 34.
cxb4 Nd4 35. Qd3 Qa7 36. b5 Qb6 37. Rb4 Nf5 38. g4 Ne7 39. Nb3 Re1 40. Qd4 Nd7
41. Qd2 Rb1 42. Qc2 Re1 43. Qd2 Rb1 44. Qc2 Re1 45. Qc3 Rb1 46. Nd4 Qa5 47. Rb3
Qxc3 48. Rxc3 Nb6 49. g3 Nec8 50. Kg2 Rb4 51. Rd3 Nd6 52. Ne3 Nxb5 1/2-1/2

[Event "Olimpiade 2022 - Open"]
[Site "Chennai"]
[Date "03.08.2022"]
[Round "6.56"]
[Board "2"]
[White "Brahami, Lamine"]
[Black "Amini, Habibullah"]
[Result "1-0"]
[WhiteTitle "FM"]
[BlackTitle "CM"]
[WhiteElo "2189"]
[BlackElo "2035"]
[WhiteTeam "Algeria"]
[BlackTeam "Afghanistan"]
[WhiteFideId "7905637"]
[BlackFideId "11700777"]
[EventDate "2022.07.29"]

1. d4 Nf6 2. c4 g6 3. Nc3 Bg7 4. e4 d6 5. f3 O-O 6. Be3 e5 7. Nge2 Nc6 8. d5 Ne7
9. g4 a6 10. Ng3 Ne8 11. g5 c5 12. Qd2 Nc7 13. h4 b5 14. h5 bxc4 15. a4 Ne8 16.
Qh2 Rb8 17. Bxc4 Qa5 18. O-O-O Bd7 19. hxg6 fxg6 20. f4 exf4 21. Qxh7+ Kf7 22.
e5 Rh8 23. e6+ Kf8 24. Qxh8+ Bxh8 25. Rxh8+ Ng8 26. exd7 Nc7 27. Bxf4 Ke7 28.
Rh7+ Kd8 29. Rg7 Qb4 30. Rxg8+ Kxd7 31. Rxb8 Qxb8 32. Nge4 Qb4 33. Be2 Ne8 34.
Bxa6 Nc7 35. Be2 Qb8 36. Bg4+ Ke8 37. Bxd6 Qb6 38. Bxc5 Qb3 39. d6 Ne6 40. d7+
Kd8 41. Be7+ 1-0